| 000 | 00793nam a2200205 a 4500 | ||
|---|---|---|---|
| 005 | 20250429224204.0 | ||
| 008 | 040607s2003 ck ad fr 000 0 spa d | ||
| 020 | _a9589696775 | ||
| 040 |
_aCO-CtgCURN _bspa _ccoctgcurn |
||
| 082 | 0 | 4 |
_a370.15 _bE569 _221 |
| 245 | 0 | 0 |
_aEnfoques pedagógicos y didácticas contemporáneas / _cZubira Samper, Miguel de, director conceptual. |
| 260 |
_a[Bogotá] : _bFundación Internacional de Pedagogía Conceptual Alberto Merani, _c2003. |
||
| 300 |
_a351 p. : _bilustraciones. |
||
| 650 | 1 | 7 |
_aAutonomia educativa. _2LEMB |
| 650 | 1 | 7 |
_aPedagogia. _2LEMB |
| 650 | 1 | 7 |
_aCalidad de la educación. _2LEMB |
| 700 | 1 | _aZubiria Samper, Miguel de. | |
| 942 |
_aMHC _bMHC _cBK _h370.15 _iE569 _2ddc |
||
| 999 |
_c42144 _d42144 |
||